Statistiken für Länder mit einem einzigen Hinweis #3

Klicken Sie hier um das Quiz zu spielen!

Allgemein

  • Dieses Quiz wurde 7.947 mal gespielt
  • Das Durchschnittsergebnis liegt bei 10 aus 20

Antwortstatistiken

HinweisLand% Korrekt
Bestehend aus 26 KantonenSchweiz
92%
Früher von den Taliban regiertAfghanistan
86%
Quelle von 5 Millionen Flüchtlingen seit 2011Syrien
84%
Es teilt eine Insel mit der Dominikanischen RepublikHaiti
82%
Es wurde 2011 von einem Erdbeben der Stärke 9,0 getroffenJapan
75%
Liegt hauptsächlich auf der Halbinsel von JütlandDänemark
74%
Bestehend aus Böhmen, Mähren und einem Teil von SchlesienTschechien
64%
Nicht mehr ein Teil von Äthiopien seit 1993Eritrea
56%
Eingezwängt zwischen Togo und NigeriaBenin
49%
Das größte Binnenland der WeltKasachstan
49%
Hat den höchsten Prozentsatz eines Territoriums unter dem Meeresspiegel (26%)Niederlande
49%
Über eine Brücke mit Saudi-Arabien verbundenBahrain
47%
Das einzige Land in Mittelamerika mit Englisch als AmtsspracheBelize
47%
Seine Sprache kann in Bokmål oder Nynorsk geschrieben werdenNorwegen
38%
Wurde von Pakistan unabhängigBangladesch
37%
Hat mehr Lamas (ähnlich Kamele) als jedes andere LandBolivien
37%
Geburtsland von Mutter TeresaNordmazedonien
28%
Seine Nationalhymne ist "Gott segne den Sultan"Brunei
18%
Früher bekannt als die Gilbert-Inseln, überspannt dieses Land alle vier HemisphärenKiribati
18%
Bevölkerung die aus 27% Schia, 27% Sunniten, 41% Christen und 5% Drusen bestehtLibanon
16%

Verteilung der Resultate

Perzentil nach korrekt beantworteten Fragen

Anzahl Personen mit jedem Resultat

Ihre Resultats-Entwicklung

Sie haben dieses Quiz noch nicht gespielt